Nenne alle 413 Nachbarn aus Animal Crossing New Horizons - Statistiken

Allgemein
  • Dieses Quiz wurde 32 mal gespielt
  • Das Durchschnittsergebnis liegt bei 91 aus 412
Antwortstatistiken
Nr. Nachname (deutsch) % Korrekt
16 Anne
65%
13 Anna
58%
176 Julia
58%
331 Sabine
58%
94 Erik
54%
232 Manu
54%
245 Martin
54%
19 Anton
50%
43 Bienchen
50%
127 Gunnar
50%
212 Leon
50%
287 Paul
50%
9 Andrea
46%
183 Kai
46%
200 Koko
46%
334 Sandra
46%
30 Bastian
42%
31 Bea
42%
45 Bill
42%
67 Claudia
42%
153 Huschke
42%
162 Jan
42%
226 Lutz
42%
236 Maria
42%
268 Nele
42%
389 Ute
42%
2 Adelheid
38%
32 Bella
38%
79 Doris
38%
80 Doro
38%
135 Hans
38%
164 Jasmin
38%
177 Julian
38%
188 Katharina
38%
194 Kim
38%
213 Leonardo
38%
288 Paula
38%
292 Philip
38%
321 Roland
38%
361 Svenja
38%
371 Thomas
38%
405 Wolfgang
38%
411 Zita
38%
6 Alex
35%
10 Anette
35%
20 Apollo
35%
21 Armin
35%
34 Benjamin
35%
91 Emil
35%
93 Emma
35%
100 Fatima
35%
102 Felix
35%
128 Günther
35%
187 Karl
35%
196 Klaus
35%
197 Kleo
35%
237 Marianne
35%
253 Michelle
35%
259 Misuzu
35%
260 Mona
35%
261 Monika
35%
279 Olivia
35%
283 Ottokar
35%
346 Simon
35%
349 Sonja
35%
365 Tanja
35%
368 Tatjana
35%
375 Tim
35%
397 Vroni
35%
400 Walter
35%
8 Ali
31%
14 Annabell
31%
71 Daniel
31%
73 Dieter
31%
88 Elfi
31%
95 Erika
31%
101 Feline
31%
112 Frieda
31%
121 Gisela
31%
136 Hasso
31%
139 Heinz
31%
144 Herbert
31%
145 Heribert
31%
152 Hugo
31%
157 Ingo
31%
175 Jule
31%
180 Jürgen
31%
205 Konrad
31%
223 Lukas
31%
231 Manni
31%
251 Max
31%
286 Patricia
31%
293 Philippa
31%
294 Pia
31%
305 Pullunda
31%
307 Quentin
31%
325 Rosa
31%
326 Rosi
31%
328 Rudi
31%
337 Sascha
31%
350 Sophie
31%
352 Stefan
31%
353 Steffen
31%
354 Steffi
31%
372 Thorsten
31%
380 Toni
31%
382 Torsten
31%
408 Yoshino
31%
3 Adrian
27%
23 Arnold
27%
25 Astrid
27%
36 Bernd
27%
37 Berry
27%
46 Birgit
27%
47 Birte
27%
51 Boris
27%
64 Christin
27%
77 Dominik
27%
81 Dorothea
27%
90 Elisa
27%
129 Gustav
27%
147 Hilda
27%
159 Isabella
27%
160 Isolde
27%
172 Jolly
27%
173 Jörg
27%
178 Juna
27%
185 Karen
27%
186 Karin
27%
189 Katrin
27%
192 Kevin
27%
195 Klara
27%
202 Kong
27%
208 Kurt
27%
216 Lilly
27%
234 Maren
27%
240 Marion
27%
248 Mathilda
27%
249 Matze
27%
252 Michael
27%
256 Minka
27%
271 Nico
27%
277 Olaf
27%
278 Olga
27%
282 Ottfried
27%
284 Pamela
27%
313 Renate
27%
320 Robert
27%
343 Siggi
27%
370 Theo
27%
384 Trita
27%
392 Viktor
27%
398 Waldemar
27%
409 Zara
27%
1 Achim
23%
4 Agnes
23%
24 Arthur
23%
27 Axel
23%
33 Benedikt
23%
41 Bettina
23%
42 Bianca
23%
70 Dagmar
23%
78 Dora
23%
82 Dörte
23%
92 Emilie
23%
96 Ernst
23%
99 Eva
23%
106 Frank
23%
111 Freya
23%
114 Fritz
23%
122 Gregor
23%
124 Grimm
23%
133 Hanne
23%
134 Hannes
23%
138 Heinrich
23%
156 Inga
23%
166 Jenny
23%
167 Jens
23%
170 Jimmy
23%
190 Keks
23%
193 Kiki
23%
217 Linda
23%
224 Lupa
23%
230 Manfred
23%
254 Miezi
23%
255 Mimmi
23%
257 Mira
23%
273 Nora
23%
274 Norbert
23%
297 Pietro
23%
303 Prinz
23%
329 Rüdiger
23%
357 Strolch
23%
358 Sunny
23%
359 Susanne
23%
360 Susi
23%
362 Sylvia
23%
381 Toro
23%
387 Ursula
23%
388 Uta
23%
394 Viviane
23%
404 Wilma
23%
406 Wolli
23%
412 Zoe
23%
11 Angela
19%
22 Arne
19%
39 Berthold
19%
57 Caroline
19%
68 Clemens
19%
97 Erwin
19%
103 Fido
19%
107 Franka
19%
108 Frauke
19%
110 Frederik
19%
115 Fritzi
19%
116 Gabi
19%
117 Gaston
19%
137 Hauke
19%
141 Helmut
19%
142 Hennes
19%
148 Hilde
19%
158 Iris
19%
169 Jessi
19%
206 Kornelia
19%
214 Leonhard
19%
221 Lotta
19%
225 Lupo
19%
229 Mandy
19%
238 Marika
19%
242 Markus
19%
263 Morpheus
19%
269 Nelly
19%
289 Paulina
19%
298 Pingi
19%
311 Regina
19%
314 Rex
19%
322 Rolo
19%
330 Rudolf
19%
342 Sid
19%
345 Silke
19%
374 Tilmann
19%
395 Vladimir
19%
410 Zenobi
19%
12 Angus
15%
15 Annalena
15%
17 Annerose
15%
29 Balduin
15%
35 Benni
15%
38 Berta
15%
40 Bertram
15%
53 Brigitte
15%
54 Carlo
15%
55 Carlos
15%
56 Carola
15%
58 Carsten
15%
60 Chai
15%
62 Charlie
15%
65 Claire
15%
69 Cube
15%
74 Dietmar
15%
75 Dina
15%
76 Dolly
15%
86 Eduard
15%
105 Flora
15%
109 Freddy
15%
123 Gretel
15%
130 Gustavia
15%
140 Helge
15%
150 Horst
15%
151 Hubert
15%
171 Jolanda
15%
179 Jupp
15%
184 Kalle
15%
198 Knuspi
15%
204 Konny
15%
209 Lana
15%
215 Liliane
15%
219 Lora
15%
220 Lorenz
15%
222 Ludwig
15%
227 Luzie
15%
228 Magda
15%
235 Marga
15%
239 Marina
15%
264 Nadine
15%
280 Oskar
15%
285 Paolo
15%
290 Penelope
15%
301 Pit
15%
306 Quacks
15%
310 Rafael
15%
327 Rubina
15%
335 Sandrine
15%
348 Sissi
15%
351 Staksi
15%
356 Steve
15%
363 Tabea
15%
364 Tamara
15%
378 Toby
15%
379 Tommi
15%
383 Tristan
15%
391 Verona
15%
399 Walli
15%
5 Aki
12%
18 Ansgar
12%
26 Atze
12%
28 Babsi
12%
44 Biggi
12%
48 Bocki
12%
50 Bonni
12%
63 Christa
12%
66 Claude
12%
83 Eckart
12%
87 Eleonore
12%
104 Finchen
12%
118 Gerald
12%
119 Gerrit
12%
126 Guido
12%
132 Hamid
12%
143 Henrike
12%
146 Hermann
12%
155 Ilona
12%
163 Janine
12%
174 Judith
12%
182 Kabuki
12%
191 Kerstin
12%
201 Kokong
12%
207 Krokki
12%
210 Larissa
12%
211 Leandro
12%
244 Marlo
12%
246 Martina
12%
258 Mischka
12%
262 Monique
12%
266 Natascha
12%
267 Nathan
12%
281 Oswald
12%
291 Pepe
12%
295 Picko
12%
308 Quetzal
12%
312 Reinhold
12%
315 Ricarda
12%
317 Ricky
12%
319 Robbi
12%
324 Ronny
12%
340 Selina
12%
369 Tentatron
12%
376 Timo
12%
386 Twiggy
12%
393 Violetta
12%
396 Volker
12%
403 Weber
12%
7 Alfredo
8%
52 Boyd
8%
59 Caspar
8%
72 Daune
8%
84 Ede
8%
85 Edith
8%
89 Elfriede
8%
113 Friedel
8%
120 Gisbert
8%
154 Ike
8%
161 Jacques
8%
165 Jeanette
8%
168 Jesko
8%
181 Juri
8%
199 Knuth
8%
203 Konga
8%
218 Locke
8%
233 Mareile
8%
241 Marius
8%
243 Marlies
8%
247 Marty
8%
250 Mausbert
8%
265 Natalja
8%
272 Noisette
8%
275 Oink
8%
276 Oinka
8%
296 Pierre
8%
300 Pippo
8%
302 Poldi
8%
309 Quiekie
8%
316 Richi
8%
318 Rilla
8%
323 Ronaldo
8%
332 Samira
8%
333 Samson
8%
336 Sani
8%
338 Schoki
8%
339 Schwarte
8%
341 Senta
8%
344 Sigmund
8%
347 Sinan
8%
355 Stella
8%
367 Tarno
8%
390 Vega
8%
401 Warzi
8%
402 Wastl
8%
407 Wuffi
8%
49 Bolle
4%
61 Chang
4%
98 Etoile
4%
125 Grischa
4%
131 Gustl
4%
149 Hörnchen
4%
270 Nestor
4%
299 Pipette
4%
304 Puck
4%
366 Tanya
4%
373 Tiansheng
4%
377 Tippsi
4%
385 Tschiwi
4%
Keine übereinstimmenden Quizze gefunden
Verteilung der Resultate
Anzahl Personen mit jedem Resultat
Perzentil nach korrekt beantworteten Fragen
Ihre Resultats-Entwicklung
Sie haben dieses Quiz noch nicht gespielt